[Event "80th Tata Steel Challengers 2018"]
[Site "Wijk aan Zee"]
[Date "2018.01.28"]
[Round "13"]
[White "Vidit, Santosh Gujrathi"]
[Black "Van Foreest, Jorden"]
[Result "1/2-1/2"]
[WhiteElo "2718"]
[BlackElo "2629"]
[Annotator "TA"]
[PlyCount "47"]
[EventDate "2018.??.??"]
[EventType "tourn"]
[EventCountry "NED"]
[SourceTitle "playchess.com"]
[Source "ChessBase"]
[SourceQuality "1"]

{[%evp 17,47,12,20,13,16,19,14,15,12,12,12,10,8,11,0,3,12,4,19,30,33,16,38,38,35,38,41,27,33,36,23,20]} 1. d4 d5 2. c4 dxc4 3. e3 Nf6 4. Bxc4 e6 5. Nf3 c5 6. O-O Nc6 7. Nc3 a6 8. dxc5 Qxd1 9. Rxd1 Bxc5 {LiveBook: 24 Games} 10. Bd2 {D27: Queen's Gambit Accepted: Classical main line: 7 e4!? and 7 a4} O-O 11. Rac1 Bd7 12. Be2 {The position is equal.} Rfd8 $146 ({Predecessor:} 12... Ba7 13. Ng5 Rfd8 14. Nce4 Nxe4 15. Nxe4 Be8 16. Be1 Rxd1 17. Bxd1 Ne5 {½-½ (38) Jakovenko,D (2710)-Giri,A (2762) Antalya 2017}) 13. Na4 Ba7 14. Be1 Be8 15. Rxd8 Nxd8 16. b3 Nd5 17. Kf1 Nc6 18. Nc5 Rb8 19. a3 Nce7 20. Ne5 Rc8 21. Ned3 Rc7 22. b4 Bxc5 23. Rxc5 Bb5 24. Rxc7 {Precision: White = 70%, Black = 59%.} 1/2-1/2

[Event "80th Tata Steel Challengers 2018"]
[Site "Wijk aan Zee"]
[Date "2018.01.28"]
[Round "13"]
[White "Amin, Bassem"]
[Black "Bok, Benjamin"]
[Result "1/2-1/2"]
[WhiteElo "2693"]
[BlackElo "2607"]
[Annotator "TA"]
[PlyCount "121"]
[EventDate "2018.??.??"]
[EventType "tourn"]
[EventCountry "NED"]
[SourceTitle "playchess.com"]
[Source "ChessBase"]
[SourceQuality "1"]

{[%evp 22,121,0,-21,0,-16,4,-18,6,10,8,18,51,41,48,47,48,49,65,58,81,79,80,63,77,77,89,91,83,49,105,16,31,19,31,0,20,16,9,6,12,16,12,0,0,0,38,-3,-3,-3,-3,-3,-4,-12,0,0,0,0,0,0,0,0,0,0,0,0,0,0,0,0,0,0,0,0,0,0,0,0,0,0,0,0,8,0,0,0,0,0,0,0,0,0,0,0,0,0,0,0,0,0,0,0]} 1. e4 c5 2. Nf3 Nc6 3. d3 g6 4. g3 Bg7 5. Bg2 d6 6. O-O e5 7. c3 Nge7 8. a3 O-O 9. b4 a6 10. Nbd2 {A04: Holländisches System ohne Übergang in andere Systeme} h6 (10... Be6 11. Ng5 Bd7 12. Nc4 h6 13. Nxd6 hxg5 14. Nxb7 Qc8 15. Nxc5 g4 16. Bg5 Re8 17. Qb3 Nd8 {0-1 (47) Petrosian,T (2601)-Carlsen,M (2837) Riadh 2017}) 11. Rb1 Be6 12. Re1 {LiveBook: 3 Partien} b6 $146 ({Vorgänger:} 12... Qd7 13. Nc4 Rad8 14. Nb6 Qc7 15. bxc5 dxc5 16. Qc2 Nc8 17. Nd5 Bxd5 18. exd5 Rxd5 {1-0 (76) Shoker,S (2474)-Priyadharshan,K (2460) Saint Louis 2014}) 13. Nc4 Rb8 14. bxc5 bxc5 (14... dxc5 {is more complex.} 15. Be3 b5 16. Nb2 Qd6 17. Qc1 h5) 15. Rxb8 Qxb8 16. Qa4 a5 17. Nfd2 Qc7 18. Ne3 Bd7 19. Ndc4 Ra8 20. Bd2 Nd8 21. Qc2 Rb8 22. a4 h5 23. f4 f6 24. Qd1 Nf7 25. Rf1 Qc6 (25... exf4 $14 26. gxf4 h4) 26. Nxa5 (26. f5 $16 {Droht Sd5 und aus.} gxf5 27. exf5 (27. Nxf5 Nxf5 28. exf5 Qxa4 $14) (27. Qxh5 Qxa4 28. Qh4 Qa2 $11) 27... Qxa4 28. Nd5 (28. Qxh5 Bc6 $11) 28... Nxd5 29. Qxa4 (29. Bxd5 Qxd1 30. Rxd1 Kf8 $11) 29... Bxa4 30. Bxd5) 26... Qxa4 $11 27. Qxa4 Bxa4 28. Bh3 Kf8 29. Nac4 exf4 30. gxf4 f5 31. exf5 Bd7 {[%cal Rg6f5]} 32. Re1 gxf5 33. Bg2 Rb3 34. Nd5 Nxd5 {Die Stellung ist ausgeglichen.} 35. Bxd5 Bxc3 36. Bxc3 Rxc3 37. Re3 Rc1+ 38. Kf2 Rc2+ 39. Re2 Rxe2+ 40. Kxe2 Ke7 41. Bxf7 Kxf7 42. Nxd6+ {[%mdl 4096] Endspiel KL-KS} Ke6 43. Nc4 Bb5 44. Ne3 Bd7 45. Nf1 Be8 46. Ke3 Kd5 47. Kd2 Kd6 48. Ng3 Bg6 49. Ne2 Bf7 50. Ke3 Kd5 51. Nc3+ Kc6 52. Kd2 Kd6 53. Ne2 Kd5 54. Ng3 Bg6 55. Nf1 Be8 56. Ne3+ Ke6 57. Kc3 Bd7 58. Nc4 Be8 59. Nb6 Bb5 60. Nc4 Be8 61. Ne3 {Precision: Weiß = 65%, Schwarz = 64%.} 1/2-1/2

[Event "80th Tata Steel Challengers 2018"]
[Site "Wijk aan Zee"]
[Date "2018.01.28"]
[Round "13"]
[White "Bluebaum, Matthias"]
[Black "Xiong, Jeffery"]
[Result "0-1"]
[WhiteElo "2640"]
[BlackElo "2634"]
[Annotator "TA"]
[PlyCount "80"]
[EventDate "2018.??.??"]
[EventType "tourn"]
[EventCountry "NED"]
[SourceTitle "playchess.com"]
[Source "ChessBase"]
[SourceQuality "1"]

{[%evp 14,80,12,10,29,29,55,62,41,54,143,89,89,101,100,100,133,79,153,137,135,137,173,155,255,241,290,319,289,270,293,279,304,295,303,0,251,236,254,0,0,0,0,0,0,-174,-168,-167,-164,-152,-168,-312,-294,-295,-306,-297,-293,-263,-244,-360,-370,-368,-208,-29994,-29991,-29996,-29997,-29997,-29998]} 1. d4 Nf6 2. c4 g6 3. Nc3 d5 4. Bg5 Ne4 5. Nxe4 dxe4 6. e3 c5 7. Ne2 Bg7 8. Qd2 {LiveBook: 4 Games} O-O {D80: Grünfeld: Unusual White 4th moves and 4 Bg5} 9. d5 h6 10. Bh4 g5 {White is slightly better.} 11. Bg3 e5 $146 (11... Bf5 $14) ({Predecessor:} 11... e6 12. Nc3 exd5 13. cxd5 Bf5 14. d6 Nc6 15. Nd5 {1-0 (59) Rychagov,A (2561)-Ofitserian,B (2285) Voronezh 2015}) 12. h4 (12. Nc3 $142) 12... g4 $16 13. Nc3 f5 14. h5 a6 15. d6 (15. O-O-O $142) 15... Nc6 (15... Kh8 $142) 16. Qd5+ Rf7 17. Qxc5 Be6 18. Bh4 Qf8 (18... Bf6 $16) 19. Nd5 $18 g3 20. fxg3 ({Don't take} 20. Bxg3 $6 Rd8 $16) 20... Rc8 21. Nb6 Rb8 22. O-O-O f4 23. Nd5 Rc8 24. Nb6 Rb8 25. gxf4 exf4 26. exf4 $2 ({White should play} 26. Be2 $18) 26... Rxf4 $11 27. Nd5 Bxd5 $1 28. Qxd5+ Kh8 {...Rxh4! is the strong threat.} 29. Bg3 $2 (29. g4 $11 Rxg4 30. Qd2) 29... Qf6 $1 $19 {[%csl Gg7][%cal Rf6b2][%mdl 1024] Black has strong compensation.} 30. Qd2 e3 $1 {[%cal Re3d2]} 31. Qc3 {[#] And now Qxf6 would win.} Qe6 $1 32. Qa3 (32. Qd3 {is a better defense.} Rg4 33. Be1) 32... Rg4 {[%cal Bf4g4,Bg4g2,Bg2b2][%mdl 32]} 33. Be1 e2 34. Bxe2 Qxe2 35. Bc3 Qxc4 ({Don't play} 35... Rxc4 36. Rhe1 $17) 36. Rh3 (36. Rhe1 {might work better.}) 36... Rxg2 37. d7 Nd4 (37... Rd8 $142 38. Re3 Qf4 39. Bxg7+ Rxg7) 38. Qd6 $2 (38. Re3 $19 Kh7 {[#]} 39. Rxd4 $1 {[%mdl 512]} Bxd4 40. Qe7+ Bg7 41. d8=Q Rxd8 42. Qxd8) 38... Ne2+ {Black mates.} 39. Kb1 Nxc3+ 40. Rxc3 {[#]} Rxb2+ $1 {[%mdl 512] Precision: White = 55%, Black = 61%.} 0-1

[Event "80th Tata Steel Challengers 2018"]
[Site "Wijk aan Zee"]
[Date "2018.01.28"]
[Round "13"]
[White "L'Ami, Erwin"]
[Black "Tari, Aryan"]
[Result "1/2-1/2"]
[WhiteElo "2634"]
[BlackElo "2599"]
[Annotator "TA"]
[PlyCount "42"]
[EventDate "2018.??.??"]
[EventType "tourn"]
[EventCountry "NED"]
[SourceTitle "playchess.com"]
[Source "ChessBase"]
[SourceQuality "1"]

{[%evp 26,42,12,0,23,20,16,15,0,0,0,3,25,8,18,23,21,0,0]} 1. d4 Nf6 2. c4 g6 3. Nc3 d5 4. cxd5 Nxd5 5. e4 Nxc3 6. bxc3 Bg7 7. Nf3 c5 8. Be3 Qa5 9. Qd2 O-O 10. Rc1 Rd8 11. Be2 {D85: Exchange Grünfeld: Unusual White 7th moves and lines with 7 Nf3} Nc6 (11... cxd4 12. cxd4 Qxd2+ 13. Bxd2 Na6 14. d5 Bd7 15. O-O Rac8 16. Be3 Nb4 17. Rxc8 Bxc8 18. Bc4 b6 {½-½ (35) Sjugirov,S (2650)-Svidler,P (2765) St Petersburg 2017}) 12. d5 e6 13. Bg5 f6 14. Bf4 {LiveBook: 3 Games} Qa4 15. Qc2 Qxc2 16. Rxc2 exd5 17. exd5 Ne7 18. c4 $146 ({Predecessor:} 18. Bc7 Re8 {½-½ (92) Ekeberg,C (2303)-Grandelius,N (2600) Reykjavik 2014}) 18... Nf5 19. Bd3 Bf8 20. O-O Bd7 21. Bc1 Re8 1/2-1/2

[Event "80th Tata Steel Challengers 2018"]
[Site "Wijk aan Zee"]
[Date "2018.01.28"]
[Round "13"]
[White "Gordievsky, Dmitry"]
[Black "Korobov, Anton"]
[Result "1-0"]
[WhiteElo "2622"]
[BlackElo "2652"]
[Annotator "TA"]
[PlyCount "155"]
[EventDate "2018.??.??"]
[EventType "tourn"]
[EventCountry "NED"]
[SourceTitle "playchess.com"]
[Source "ChessBase"]
[SourceQuality "1"]

{[%evp 17,155,22,51,44,52,52,40,38,69,6,60,72,55,71,52,50,34,36,54,35,47,45,41,17,18,11,41,0,0,12,131,125,129,129,204,195,193,204,193,189,185,125,139,139,145,135,140,139,135,100,85,81,114,111,126,100,95,93,123,86,86,86,86,95,104,112,100,107,95,95,126,123,99,49,208,201,212,106,51,0,194,203,189,93,90,49,49,0,99,49,49,49,49,39,31,31,99,99,99,99,99,99,99,99,107,107,107,107,107,107,107,107,107,107,107,107,107,107,107,107,106,106,506,507,466,447,587,228,584,524,610,602,12813,12814,12808,12806,12798,12805,12499,10780]} 1. Nf3 d5 2. g3 g6 3. d4 Bg7 4. Bg2 Nf6 5. c4 c6 6. O-O O-O 7. Qb3 e6 8. Nc3 Nbd7 9. Bf4 {D78: Grünfeldindisch (Fianchetto 6.0-0 c6)} b6 {LiveBook: 4 Partien} (9... Re8 10. Rfd1 Nh5 11. Bg5 Nhf6 12. e4 h6 13. Bxf6 Nxf6 14. e5 Nd7 15. Rac1 Nf8 16. h4 b6 {1-0 (56) Papaioannou,I (2637)-Mista,A (2599) Achaea 2017}) 10. cxd5 exd5 11. Rfe1 $146 {Weiß steht etwas besser.} ({Vorgänger:} 11. Ne5 Nxe5 12. Bxe5 Be6 13. Qa4 Qd7 14. Rfd1 a5 15. Rac1 Rfc8 16. Qb3 b5 17. Qc2 a4 18. b3 Ra6 19. e3 axb3 20. axb3 Rca8 21. Qb2 {½-½ (21) Busch,K (2420)-Jasnikowski,Z (2435) Vanlose 1991}) 11... Bb7 12. a4 {[%cal Ba2a4,Ba4a5][%mdl 32]} c5 13. Bd6 (13. a5 $14) 13... c4 (13... Re8 $1 $11) 14. Qa3 $14 Re8 15. Nd2 Rc8 16. a5 h5 17. e3 Bc6 18. b3 b5 19. bxc4 bxc4 20. h4 Nf8 21. Rab1 Ne6 22. Red1 Ng4 {Weiss sollte ...Sxd4! verhindern.} 23. Nf3 f6 (23... Qd7 $11) 24. Nh2 $1 $36 {[%mdl 2048] Läuft bei Weiss.} Nh6 25. e4 $1 {[%cal Be3e4,Be4d5,Bd5c6][%mdl 32]} ({Nur nicht} 25. Bxd5 $2 Bxd5 26. Bc5 (26. Nxd5 $2 Nf5 $19) 26... Qd7 $19) 25... Nf7 (25... Nc7 $16 {war angesagt.}) 26. exd5 $18 {Schwarz muss nun Lb4 beachten.} Qxd6 27. Qxd6 Nxd6 28. dxc6 f5 29. Bd5 (29. Nf3 $1 $18) 29... Kf8 $16 {[#]} 30. Bxe6 $1 Rxe6 31. d5 Bxc3 32. dxe6 Rxc6 33. Nf3 Ke7 34. Nd4 Bxd4 35. Rxd4 Kxe6 {[%mdl 4096] Endspiel KTT-KTS} 36. Re1+ Kf6 37. f3 c3 38. Rc1 Nb5 39. Rd5 a6 40. Kf2 Rc4 41. Ke3 Ke6 42. Rd8 Ra4 43. Kd3 Rxa5 44. Re1+ Kf6 45. Rb8 {[%mdl 1024] Und Tb6+ würde nun gewinnen. Weiss hat starke Kompensation.} c2 $2 ({Lieber} 45... Ra2 $14) 46. Rb6+ $18 Kf7 47. Rb7+ (47. Kxc2 $18 Nd4+ 48. Kc3 Nxf3 49. Ree6) 47... Kf6 $16 48. Rb6+ (48. Kxc2 $14 f4 49. Rb6+ (49. gxf4 Nd4+ 50. Kd3 Nxf3 $14) 49... Kf5 50. g4+ hxg4 51. fxg4+ Kxg4 52. Rxg6+ Kf5 53. Rg5+ Kf6 54. Re8) 48... Kf7 $1 $18 49. Kxc2 Nd4+ 50. Kd3 (50. Kc3 $18 {und der Rest ist Schweigen.} Nxf3 51. Ree6) 50... Nxf3 $16 51. Rb7+ Kf6 52. Rb6+ Kf7 53. Rc1 Ra3+ $1 54. Ke2 {Droht Matt per Tc7+.} Nd4+ 55. Kf1 {Weiss will mit Tc7+ Matt setzen.} Ne6 56. Rcc6 Rf3+ ({Günstiger ist} 56... Ra1+ $14 57. Kg2 Ra2+ 58. Kg1 (58. Kh3 Re2 $16) 58... Ra1+ 59. Kf2 Ra2+ 60. Ke3 Ra3+ 61. Kf2 Ra2+ 62. Ke1 Ra1+ 63. Kd2 Ra2+ 64. Kc1 Re2 65. Rxa6 Kf6) 57. Kg2 Re3 58. Rxa6 Re2+ 59. Kf1 Re4 60. Kf2 Kf6 61. Kf3 Kf7 62. Rcb6 g5 63. Ra7+ Kf6 {[#]} 64. Rh7 $1 {[%cal Rh7h5]} Kg6 65. Re7 g4+ 66. Kg2 Kf6 67. Rh7 {Droht Th6+ und aus.} Kg6 68. Ra7 Kf6 69. Ra2 f4 $2 {[%mdl 8192]} (69... Re1 $16 70. Ra4 Re2+ 71. Kf1 Re5) 70. gxf4 $18 Kf5 71. Rb5+ Kxf4 72. Rf2+ Ke3 73. Kg3 {Weiß steht klar auf Gewinn.} Nd4 74. Rxh5 Ne2+ {[#]} 75. Rxe2+ $1 {[%mdl 512]} Kxe2 76. Ra5 Rb4 77. h5 Rb1 78. Kxg4 {Precision: Weiß = 71%, Schwarz = 62%.} 1-0

[Event "80th Tata Steel Challengers 2018"]
[Site "Wijk aan Zee"]
[Date "2018.01.28"]
[Round "13"]
[White "Harika, Dronavalli"]
[Black "Krasenkow, Michal"]
[Result "1/2-1/2"]
[WhiteElo "2497"]
[BlackElo "2671"]
[Annotator "TA"]
[PlyCount "105"]
[EventDate "2018.??.??"]
[EventType "tourn"]
[EventCountry "NED"]
[SourceTitle "playchess.com"]
[Source "ChessBase"]
[SourceQuality "1"]

{[%evp 21,105,4,17,10,4,11,28,35,50,48,93,89,89,89,82,45,66,50,48,36,40,44,48,43,49,45,97,80,130,135,135,128,132,74,74,80,84,83,116,116,116,55,57,68,116,116,116,116,116,116,116,116,116,116,116,116,116,116,116,116,116,116,109,0,0,0,0,0,0,0,0,0,0,0,0,0,0,0,0,0,0,0,0,0,0,0]} 1. e4 e5 2. Nf3 Nc6 3. Bc4 Bc5 4. O-O Nf6 5. d3 d6 6. c3 Bb6 7. a4 a5 {C54: Giuoco Piano: 4 c3 Nf6, main lines with 5 d4 and 5 d3} 8. Re1 O-O 9. h3 h6 10. Nbd2 Ne7 11. Nf1 Ng6 {LiveBook: 4 Games} 12. Ng3 c6 13. Bb3 {[#]} Be6 $146 ({Predecessor:} 13... Re8 14. d4 {½-½ (32) Karjakin,S (2785)-Anand,V (2779) Doha 2016}) 14. d4 exd4 15. cxd4 d5 {[#]} 16. e5 $1 {[%cal Re5f6]} Nd7 17. Bc2 c5 18. Nh5 cxd4 19. Bxg6 fxg6 20. Nf4 Qe8 21. Nxd4 Bxd4 22. Qxd4 Rc8 {White should prevent ...Rc4.} 23. Be3 ({Of course not} 23. Nxd5 Nc5 $17) 23... Nc5 (23... Rf5 $14) 24. Rad1 $16 b6 25. b4 (25. Nxd5 $2 Rd8 $17) 25... axb4 26. Qxb4 Qc6 27. Nxe6 (27. Nxg6 $142 Rfe8 28. a5 bxa5 29. Qxa5) 27... Qxe6 28. a5 bxa5 29. Qxa5 d4 30. Bxd4 Nb3 31. Qb5 (31. Qa4 $16) 31... Nxd4 $14 32. Rxd4 Rc2 33. Re2 Rxe2 34. Qxe2 $16 {[%mdl 4096] Endgame KQR-KQR} Re8 35. Re4 g5 36. Kh2 Kf7 37. Re3 Re7 38. Qd3 Kg8 39. Qe4 Re8 40. Qd4 Re7 41. Qd8+ Re8 42. Qd6 ({White should try} 42. Qd2 $16) 42... Qxd6 $1 $11 {The position is equal.} 43. exd6 {KR-KR} Rd8 44. Rd3 Kf7 45. Kg3 Ke6 46. Re3+ Kxd6 47. f4 gxf4+ 48. Kxf4 Rf8+ 49. Kg4 Rf6 50. h4 Re6 51. Rxe6+ Kxe6 52. Kf4 Kf6 53. Ke4 {Precision: White = 66%, Black = 76%.} 1/2-1/2

[Event "80th Tata Steel Challengers 2018"]
[Site "Wijk aan Zee"]
[Date "2018.01.28"]
[Round "13"]
[White "Van Foreest, Lucas"]
[Black "Girya, Olga"]
[Result "1-0"]
[WhiteElo "2481"]
[BlackElo "2489"]
[Annotator "TA"]
[PlyCount "75"]
[EventDate "2018.??.??"]
[EventType "tourn"]
[EventCountry "NED"]
[SourceTitle "playchess.com"]
[Source "ChessBase"]
[SourceQuality "1"]

{[%evp 9,75,16,54,54,46,29,43,24,5,3,8,2,-1,0,0,8,47,0,0,0,21,21,32,29,24,27,67,50,100,97,106,57,77,63,110,111,124,83,138,112,126,138,164,107,112,65,216,194,191,208,285,140,131,129,258,268,661,635,816,546,545,543,537,514,514,397,1558,1400]} 1. e4 c6 2. d4 d5 3. e5 Bf5 4. Nf3 e6 5. Be2 Bb4+ {[%cal Bf8b4,Bb4a5,Ba5c7][%mdl 32]} (5... c5 6. Be3 cxd4 7. Nxd4 Ne7 8. Nd2 Nbc6 9. N2f3 Bg4 10. O-O g6 11. h3 Bxf3 12. Nxf3 Bg7 13. Bf4 O-O 14. c3 Qc7 15. Re1 Nxe5 {½-½ (59) Dominguez Perez,L (2739)-So,W (2788) Saint Louis 2017}) 6. c3 {B12: Caro-Kann: Advance Variation} Ba5 7. Nbd2 Nd7 8. b4 $146 {White is slightly better.} ({Predecessor:} 8. Nf1 f6 9. Ng3 Ne7 10. exf6 Nxf6 11. O-O O-O 12. Qb3 Bb6 13. c4 dxc4 14. Bxc4 {1-0 (32) Tsydypov,Z (2485)-Abhishek,K (2381) Moscow 2017}) 8... Bc7 9. Nb3 f6 {[%cal Rf6e5]} 10. Bf4 Ne7 11. Bg3 Ng6 {[%cal Rf6e5]} 12. exf6 gxf6 13. c4 dxc4 14. Bxc4 Nb6 {[%cal Bd7b6,Bb6d5,Bd5f4][%mdl 32]} 15. Bd3 Bxd3 16. Qxd3 Nd5 17. O-O Ndf4 18. Qe3 Rg8 19. Nc5 Qd5 20. Ne4 ({Don't play} 20. Nxb7 Nxg2 21. Qb3 (21. Kxg2 Nh4+ 22. Kh1 Nxf3 $17) (21. Qh6 $2 N2f4 $19) 21... N2f4 $15) 20... Kf7 21. Rac1 h5 22. Rc5 $36 {[%mdl 2048] White is on the roll.} Qd8 23. h4 Qe7 (23... a6 $142) 24. b5 Nd5 25. Qb3 ({Of course not} 25. Qh6 $6 Bf4 $11) 25... Ngf4 26. bxc6 (26. Re1 $18) 26... b6 $16 27. Rc2 Rg4 $2 ({Black should play} 27... Qb4 $14) 28. Bxf4 $1 $18 Rxf4 {[#]} 29. Re2 $1 Rg8 30. g3 (30. Rfe1 $18 {has better winning chances.} Rf5 {[#]} 31. Ng3 $1 {[%mdl 512]} Bxg3 32. fxg3 (32. Rxe6 Bxf2+ 33. Kxf2 Qxe6 $14) 32... Rxg3 33. Rxe6 Qxe6 34. Rxe6 Kxe6 35. c7) 30... Rf5 $16 31. Kh1 Qf8 (31... Qb4 $16 32. Qd3 a6) 32. Rfe1 $18 Qb4 $2 (32... Qd8 33. Ned2 Re8) 33. Qd3 Qe7 34. Nc3 Nxc3 35. Qxf5 {[%cal Re2e6]} Nxe2 36. Qxh5+ Rg6 {Black wants to play ...Nc3.} 37. Rxe2 {Black must now prevent d5.} Qa3 $2 (37... Qd6 38. Re5 Kg7) 38. d5 {Precision: White = 64%, Black = 38%.} 1-0